| 000 | 00353 a2200145 4500 | ||
|---|---|---|---|
| 001 | 151963 | ||
| 040 | _cEscola São Tomás de Aquino | ||
| 100 | _aTELLES, Carlos Queiroz | ||
| 240 | 1 | 0 |
_aQuase cachorro quase menino. _lpor |
| 245 | 1 | 0 | _aQuase cachorro quase menino. |
| 300 | _a55 | ||
| 440 | 1 | _aModerna | |
| 697 | _a*LITERATURA JUVENIL | ||
| 942 | _cBK | ||
| 999 |
_c151963 _d151963 |
||